Paroles - Un air de rien - Trois cafés gourmands - Statistiques

Statistiques générales
  • Ce quiz a été pris 3 fois
  • Le résultat moyen est 283 sur 422
Statistiques - réponses
Paroles % Correct
à
100%
air
100%
au
100%
aux
100%
avec
100%
ce
100%
ces
100%
c'est
100%
cet
100%
Cet
100%
dans
100%
de
100%
elle
100%
en
100%
est
100%
et
100%
la
100%
le
100%
les
100%
ma
100%
main
100%
mon
100%
ne
100%
par
100%
pas
100%
pour
100%
que
100%
qui
100%
100%
rien
100%
se
100%
si
100%
soir
100%
ta
100%
te
100%
ton
100%
tous
100%
toutes
100%
Tu
100%
tu
100%
un
100%
une
100%
va
100%
veux
100%
bat
67%
ça
67%
cette
67%
chanson
67%
coeur
67%
comme
67%
encore
67%
j'ai
67%
je
67%
mangé
67%
matin
67%
mi
67%
nous
67%
on
67%
ont
67%
plus
67%
quand
67%
qu'un
67%
réveille
67%
sur
67%
tes
67%
t'es
67%
vie
67%
abattu
33%
accords
33%
avant
33%
bateau
33%
bout
33%
campagne
33%
c'était
33%
ceux
33%
chaleur
33%
chant
33%
chemin
33%
chuchotements
33%
compagne
33%
creusera
33%
croisés
33%
cruel
33%
danses
33%
décolles
33%
découvres
33%
dernière
33%
destin
33%
d'orage
33%
dos
33%
échouage
33%
enfants
33%
entendre
33%
entre
33%
fête
33%
feuille
33%
fois
33%
fort
33%
forts
33%
fronde
33%
garde
33%
guitare
33%
hasard
33%
histoire
33%
hommage
33%
hymne
33%
illusion
33%
inévitable
33%
infréquentables
33%
jusqu'au
33%
l'été
33%
lève
33%
l'ombre
33%
malheur
33%
même
33%
mémorable
33%
met
33%
meurt
33%
mirage
33%
moments
33%
musique
33%
n'auront
33%
n'es
33%
nos
33%
oiseau
33%
oublier
33%
pain
33%
partir
33%
passage
33%
peine
33%
pirates
33%
pire
33%
plein
33%
prendrait
33%
pris
33%
quai
33%
qu'on
33%
raconter
33%
rappel
33%
regards
33%
rend
33%
rentreras
33%
revient
33%
rythme
33%
sac
33%
sauter
33%
seule
33%
s'mettait
33%
soirées
33%
souvenirs
33%
table
33%
taper
33%
tard
33%
t'entête
33%
Terre
33%
tête
33%
tombe
33%
touché
33%
toujours
33%
transe
33%
trois
33%
valse
33%
vaut
33%
vaux
33%
vient
33%
voir
33%
vos
33%
vous
33%
y'a
33%
acrobates
0%
allez
0%
bonne
0%
bord
0%
bouges
0%
comptoir
0%
coûte
0%
d'une
0%
durait
0%
épris
0%
gars
0%
heure
0%
l'envers
0%
manège
0%
mets
0%
naufrage
0%
ouais
0%
piège
0%
pourtant
0%
prenait
0%
prière
0%
p'tit
0%
rappelles
0%
reins
0%
ressasser
0%
route
0%
sait
0%
tendrais
0%
t'enlace
0%
tourne
0%
trace
0%
vas-y
0%
Aucun quiz correspondant
Distribution des résultats
% des personnes avec chaque résultat
Percentile par nombre de réponses
Votre historique - résultats
Vous n’avez pas pris ce quiz